000 00400pab a2200157 454500
008 180718b1998 xxu||||| |||| 00| 0 eng d
100 _aSrivastava, Baleshwari P.
245 _aMorality, politics and India
260 _c1998
300 _ap.44-46
362 _aNov
650 _aIndia - Politics and government
650 _aPolitics and government
773 _aPolitics India
909 _a39202
999 _c39202
_d39202